Famous Baseball Players by Photo - Statistics

General Stats
  • This quiz has been taken 1,343 times
  • The average score is 12 of 15
Answer Stats
Picture Answer % Correct
Babe Ruth
99%
Derek Jeter
93%
Jackie Robinson
92%
Mike Trout
92%
Alex Rodriguez
90%
David Ortiz
88%
Hank Aaron
86%
Ken Griffey Jr.
85%
Mickey Mantle
84%
Nolan Ryan
83%
Ty Cobb
74%
Willie Mays
72%
Pete Rose
67%
Cy Young
62%
Stan Musial
61%
No matching quizzes found
Score Distribution
Percent of People with Each Score
Percentile by Number Answered
Your Score History
You have not taken this quiz